000 01106nam a22002657a 4500
001 BD-DhSAU
003 BD-DhSAU
005 20250116103914.0
008 150420b2005 bg ||||| m||| 00| 0 eng d
040 _aBD-DhSAU
082 _222
_a634.9
_bT5734
100 _aKHAN, TOKIUZ JAHAN
_eRegistration No. # 20-11118
245 _aInvestigating the effect of eucalyptus leaf litter on the growth and yield on different tomato(solanum lycopersicum L.) verities /
_bMS thesis
260 _aSher-e-Bangla Agricultural University:
_bDepartment of Agroforestry and Environmental Science,
_c2022.
300 _aviii, 68p. ;
_c30 cm.
500 _aMS thesis of Agroforestry and Environmental Science, Faculty of Agriculture , Sher-e-Bangla Agricultural University, Dhaka, Bangladesh
504 _aIncludes bibliographical reference.
590 _aNazmul
650 _aeucalyptus leaf litter
651 _atomato(solanum lycopersicum L.) verities /
700 _aProf. Dr. Jubayer-Al-Mahmud
_eSuperviser
700 _aProf. Dr. Nazmun Nahar
_eCo-superviser
942 _2ddc
_cTHESIS
999 _c17796
_d17795